[Event "Turkish Club Cup 2019"]
[Site "Konya"]
[Date "2019.07.18"]
[Round "4"]
[White "Yalcin, Sudenaz"]
[Black "Sural, Ceren"]
[Result "0-1"]
[WhiteElo "1371"]
[BlackElo "1622"]
[Annotator "NA RC"]
[PlyCount "168"]
[EventDate "2019.07.16"]
[EventType "team-tourn"]
[EventCountry "TUR"]
[SourceTitle "playchess.com"]
[Source "ChessBase"]
[SourceQuality "1"]
[TimeControl "5400+30"]

1. e4 {[%emt 0:00:30]} d5 {[%emt 0:00:30]} 2. exd5 {[%emt 0:00:30]} Qxd5 {[%emt 0:00:30]} 3. Nc3 {[%emt 0:00:00]} Qa5 {[%emt 0:00:00]} 4. d4 {[%emt 0:00:00]} Nf6 {[%emt 0:00:00]} 5. Nf3 {[%emt 0:00:00]} Bf5 {[%emt 0:00:00]} 6. Bc4 {[%emt 0:00:00]} e6 {[%emt 0:00:00]} 7. Bd2 {[%emt 0:00:30]} Bb4 {[%emt 0:00:30]} 8. Ne5 {[%emt 0:04:30]} O-O {[%emt 0:04:30]} 9. g4 {[%emt 0:02:30]} Bg6 {[%emt 0:16:30]} 10. h4 {[%emt 0:03:30]} c5 {[%emt 0:02:30]} 11. Nxg6 {[%emt 0:04:30]} hxg6 {[%emt 0:00:30]} 12. a3 {[%emt 0:01:30]} Bxc3 {[%emt 0:01:30]} 13. Bxc3 {[%emt 0:00:30]} Qc7 {[%emt 0:02:30]} 14. dxc5 {[%emt 0:00:30]} Rd8 {[%emt 0:17:30]} 15. Qe2 {[%emt 0:01:30]} Qc6 {[%emt 0:09:30]} 16. Rg1 {[%emt 0:08:30]} Ne4 {[%emt 0:01:30]} 17. Ba5 {[%emt 0:01:30]} Rc8 {[%emt 0:08:30]} 18. O-O-O {[%emt 0:04:30]} Na6 {[%emt 0:06:30]} 19. Bxa6 {[%emt 0:10:30]} bxa6 {[%emt 0:00:30]} 20. Rge1 {[%emt 0:06:30]} Nxc5 {[%emt 0:00:30]} 21. Bc3 {[%emt 0:05:30]} f6 {[%emt 0:08:37]} 22. g5 {[%emt 0:06:30]} e5 {[%emt 0:04:23]} 23. Qc4+ {[%emt 0:01:30]} Ne6 {[%emt 0:02:55]} 24. Qg4 {[%emt 0:04:30]} f5 {[%emt 0:04:45]} 25. Qe2 {[%emt 0:02:30]} e4 {[%emt 0:00:29]} 26. Qe3 {[%emt 0:00:30]} Rc7 {[%emt 0:00:46]} 27. f3 {[%emt 0:01:30]} Nc5 {[%emt 0:00:44]} 28. fxe4 {[%emt 0:02:30]} Nxe4 {[%emt 0:00:22]} 29. Rd3 {[%emt 0:01:30]} Nc5 {[%emt 0:01:11]} 30. Rd2 {[%emt 0:01:30]} Ne4 {[%emt 0:00:34]} 31. Rd3 {[%emt 0:00:30]} Nc5 {[%emt 0:00:48]} 32. Rd2 {[%emt 0:00:00]} Qb6 {[%emt 0:00:28]} 33. Qe5 {[%emt 0:03:00]} Qb7 {[%emt 0:04:20]} 34. Red1 {[%emt 0:02:30]} Rf8 {[%emt 0:01:41]} 35. Rd8 {[%emt 0:01:46]} Rxd8 {[%emt 0:00:49]} 36. Rxd8+ {[%emt 0:00:30]} Kh7 {[%emt 0:00:02]} 37. b3 {[%emt 0:03:08]} Qc6 {[%emt 0:00:23]} 38. Rc8 {[%emt 0:03:22]} Ne6 {[%emt 0:00:49]} 39. Rxc7 {[%emt 0:02:52]} Qxc7 {[%emt 0:00:30]} 40. Qxc7 {[%emt 0:00:30]} Nxc7 {[%emt 0:00:00]} 41. a4 {[%emt 0:00:00]} Kg8 {[%emt 0:00:39]} 42. Bd4 {[%emt 0:00:00]} Kf7 {[%emt 0:00:03]} 43. Kd2 {[%emt 0:00:07]} Ne6 {[%emt 0:00:45]} 44. Bxa7 {[%emt 0:00:30]} Ke7 {[%emt 0:00:00]} 45. Ke3 {[%emt 0:00:50]} Kd6 {[%emt 0:00:10]} 46. b4 {[%emt 0:00:33]} Kd5 {[%emt 0:00:51]} 47. c3 {[%emt 0:01:17]} Kc4 {[%emt 0:00:09]} 48. Bd4 {[%emt 0:00:08]} Nxd4 {[%emt 0:01:50]} 49. cxd4 {[%emt 0:00:30]} Kxb4 {[%emt 0:00:00]} 50. Kf4 {[%emt 0:00:00]} Kc4 {[%emt 0:00:07]} 51. Ke5 {[%emt 0:03:47]} f4 {[%emt 0:00:12]} 52. Kxf4 {[%emt 0:00:31]} Kxd4 {[%emt 0:00:02]} 53. Kf3 {[%emt 0:01:21]} a5 {[%emt 0:00:35]} 54. Kf4 {[%emt 0:00:39]} Kd5 {[%emt 0:00:06]} 55. Ke3 {[%emt 0:00:04]} Ke5 {[%emt 0:00:32]} 56. Kf3 {[%emt 0:00:35]} Kd4 {[%emt 0:00:30]} 57. Kf4 {[%emt 0:00:30]} Kd5 {[%emt 0:00:00]} 58. Ke3 {[%emt 0:00:00]} Ke5 {[%emt 0:00:17]} 59. Kf3 {[%emt 0:00:09]} Kf5 {[%emt 0:00:30]} 60. Kg3 {[%emt 0:00:00]} Ke4 {[%emt 0:00:12]} 61. Kg4 {[%emt 0:00:00]} Ke3 {[%emt 0:00:15]} 62. Kg3 {[%emt 0:00:00]} Kd4 {[%emt 0:00:55]} 63. Kf4 {[%emt 0:00:00]} Kd5 {[%emt 0:00:35]} 64. Ke3 {[%emt 0:00:00]} Ke5 {[%emt 0:01:54]} 65. Kd3 {[%emt 0:00:00]} Kd5 {[%emt 0:00:44]} 66. Ke3 {[%emt 0:00:00]} Kc4 {[%emt 0:00:47]} 67. Ke4 {[%emt 0:00:00]} Kb4 {[%emt 0:00:23]} 68. Kd4 {[%emt 0:00:11]} Kxa4 {[%emt 0:00:30]} 69. Kc4 {[%emt 0:00:00]} Ka3 {[%emt 0:00:00]} 70. Kc3 {[%emt 0:00:10]} a4 {[%emt 0:00:00]} 71. Kc2 {[%emt 0:00:04]} Kb4 {[%emt 0:00:21]} 72. Kb2 {[%emt 0:00:00]} Kc4 {[%emt 0:00:22]} 73. Ka3 {[%emt 0:00:03]} Kd4 {[%emt 0:00:30]} 74. Kxa4 {[%emt 0:00:00]} Ke4 {[%emt 0:00:00]} 75. Kb4 {[%emt 0:00:06]} Kf4 {[%emt 0:00:19]} 76. Kc4 {[%emt 0:00:30]} Kg4 {[%emt 0:00:30]} 77. Kd4 {[%emt 0:00:00]} Kxh4 {[%emt 0:00:00]} 78. Ke3 {[%emt 0:00:00]} Kxg5 {[%emt 0:00:00]} 79. Kf3 {[%emt 0:00:00]} Kh4 {[%emt 0:00:00]} 80. Kf2 {[%emt 0:00:00]} Kh3 {[%emt 0:00:00]} 81. Kg1 {[%emt 0:00:00]} g5 {[%emt 0:00:11]} 82. Kh1 {[%emt 0:00:17]} g4 {[%emt 0:00:23]} 83. Kg1 {[%emt 0:00:30]} Kg3 {[%emt 0:00:30]} 84. Kf1 {[%emt 0:00:00]} Kh2 {[%emt 0:00:00]} 0-1

[Event "Turkish Club Cup 2019"]
[Site "Konya"]
[Date "2019.07.18"]
[Round "4"]
[White "Demir, Aleyna"]
[Black "Bas, Selin"]
[Result "1-0"]
[WhiteElo "1354"]
[BlackElo "1286"]
[Annotator "NA RC"]
[PlyCount "69"]
[EventDate "2019.07.16"]
[EventType "team-tourn"]
[EventCountry "TUR"]
[SourceTitle "playchess.com"]
[Source "ChessBase"]
[SourceQuality "1"]
[TimeControl "5400+30"]

1. e4 {[%emt 0:00:30]} e6 {[%emt 0:00:30]} 2. d4 {[%emt 0:00:30]} d5 {[%emt 0:00:00]} 3. exd5 {[%emt 0:00:00]} exd5 {[%emt 0:00:00]} 4. Bd3 {[%emt 0:00:00]} Nf6 {[%emt 0:00:00]} 5. c3 {[%emt 0:00:30]} Be7 {[%emt 0:00:00]} 6. Nf3 {[%emt 0:02:30]} O-O {[%emt 0:00:30]} 7. Qc2 {[%emt 0:00:30]} h6 {[%emt 0:01:30]} 8. O-O {[%emt 0:01:30]} Bg4 {[%emt 0:06:30]} 9. Nbd2 {[%emt 0:09:30]} c5 {[%emt 0:01:30]} 10. Re1 {[%emt 0:14:30]} Nbd7 {[%emt 0:03:30]} 11. Bf5 {[%emt 0:06:30]} Bxf5 {[%emt 0:02:30]} 12. Qxf5 {[%emt 0:00:30]} Re8 {[%emt 0:14:30]} 13. Nf1 {[%emt 0:02:30]} g6 {[%emt 0:16:30]} 14. Qh3 {[%emt 0:01:30]} h5 {[%emt 0:01:30]} 15. Ne5 {[%emt 0:10:30]} Bd6 {[%emt 0:07:30]} 16. Bf4 {[%emt 0:02:30]} Qc7 {[%emt 0:03:30]} 17. Nxd7 {[%emt 0:04:30]} Nxd7 {[%emt 0:00:30]} 18. Bg5 {[%emt 0:01:30]} Nb6 {[%emt 0:08:30]} 19. Bf6 {[%emt 0:08:30]} c4 {[%emt 0:06:30]} 20. Qh4 {[%emt 0:03:30]} Bf8 {[%emt 0:01:30]} 21. Ng3 {[%emt 0:02:30]} Bh6 {[%emt 0:08:15]} 22. Re5 {[%emt 0:08:52]} Rxe5 {[%emt 0:02:31]} 23. Bxe5 {[%emt 0:00:53]} Qd8 {[%emt 0:01:12]} 24. Bf6 {[%emt 0:00:32]} Qf8 {[%emt 0:02:16]} 25. f4 {[%emt 0:05:28]} Re8 {[%emt 0:01:56]} 26. Rf1 {[%emt 0:01:42]} Bg7 {[%emt 0:02:12]} 27. Bxg7 {[%emt 0:04:05]} Kxg7 {[%emt 0:01:22]} 28. f5 {[%emt 0:01:23]} Qh8 {[%emt 0:03:12]} 29. fxg6 {[%emt 0:00:53]} fxg6 {[%emt 0:01:31]} 30. Qf6+ {[%emt 0:00:11]} Kh7 {[%emt 0:01:29]} 31. Qf7+ {[%emt 0:01:18]} Kh6 {[%emt 0:00:45]} 32. Rf6 {[%emt 0:00:29]} Qg8 {[%emt 0:00:56]} 33. Nf5+ {[%emt 0:00:30]} Kg5 {[%emt 0:00:12]} 34. h4+ {[%emt 0:00:16]} Kg4 {[%emt 0:00:19]} 35. Rxg6+ {[%emt 0:00:15]} 1-0

[Event "Turkish Club Cup 2019"]
[Site "Konya"]
[Date "2019.07.18"]
[Round "4"]
[White "Barutcu, Sevil"]
[Black "Haktanirlar, Zeren"]
[Result "1-0"]
[WhiteElo "1348"]
[BlackElo "1294"]
[Annotator "NA"]
[PlyCount "53"]
[EventDate "2019.07.16"]
[EventType "team-tourn"]
[EventCountry "TUR"]
[SourceTitle "playchess.com"]
[Source "ChessBase"]
[SourceQuality "1"]
[TimeControl "5400+30"]

1. e4 {[%emt 0:00:30]} d6 {[%emt 0:00:30]} 2. d4 {[%emt 0:00:30]} Nf6 {[%emt 0:00:00]} 3. Nc3 {[%emt 0:00:00]} e5 {[%emt 0:00:00]} 4. Nf3 {[%emt 0:07:00]} Nbd7 {[%emt 0:00:30]} 5. h3 {[%emt 0:05:30]} Be7 {[%emt 0:06:30]} 6. Be2 {[%emt 0:05:30]} O-O {[%emt 0:00:30]} 7. O-O {[%emt 0:01:30]} c6 {[%emt 0:02:30]} 8. Be3 {[%emt 0:04:30]} Qc7 {[%emt 0:03:30]} 9. Qd2 {[%emt 0:02:30]} Rd8 {[%emt 0:01:30]} 10. Rad1 {[%emt 0:02:30]} b6 {[%emt 0:05:30]} 11. Nh2 {[%emt 0:24:30]} Bb7 {[%emt 0:11:30]} 12. f3 {[%emt 0:01:30]} Nh5 {[%emt 0:04:30]} 13. f4 {[%emt 0:06:30]} Ng3 {[%emt 0:07:30]} 14. Rf3 {[%emt 0:01:30]} Nxe2+ {[%emt 0:02:30]} 15. Qxe2 {[%emt 0:00:30]} Nf6 {[%emt 0:03:30]} 16. Rg3 {[%emt 0:03:30]} exd4 {[%emt 0:12:30]} 17. Bxd4 {[%emt 0:03:30]} c5 {[%emt 0:02:30]} 18. Bf2 {[%emt 0:00:30]} a5 {[%emt 0:05:30]} 19. Ng4 {[%emt 0:10:30]} Nh5 {[%emt 0:05:30]} 20. Nh6+ {[%emt 0:00:31]} Kf8 {[%emt 0:02:30]} 21. Qxh5 {[%emt 0:00:55]} gxh6 {[%emt 0:00:30]} 22. Qxh6+ {[%emt 0:01:05]} Ke8 {[%emt 0:00:30]} 23. Qxh7 {[%emt 0:00:53]} Bf6 {[%emt 0:03:15]} 24. Nd5 {[%emt 0:02:03]} Bxd5 {[%emt 0:01:40]} 25. exd5 {[%emt 0:00:28]} Kd7 {[%emt 0:06:41]} 26. Qf5+ {[%emt 0:00:06]} Ke7 {[%emt 0:01:09]} 27. Re1+ {[%emt 0:00:06]} 1-0

[Event "Turkish Club Cup 2019"]
[Site "Konya"]
[Date "2019.07.18"]
[Round "4"]
[White "Ozturk, Nil"]
[Black "Kurnaz, Azra"]
[Result "1-0"]
[WhiteElo "1345"]
[BlackElo "1268"]
[Annotator "NA RC"]
[PlyCount "135"]
[EventDate "2019.07.16"]
[EventType "team-tourn"]
[EventCountry "TUR"]
[SourceTitle "playchess.com"]
[Source "ChessBase"]
[SourceQuality "1"]
[TimeControl "5400+30"]

1. e4 {[%emt 0:00:30]} e5 {[%emt 0:00:30]} 2. Nf3 {[%emt 0:00:30]} Nc6 {[%emt 0:00:30]} 3. Nc3 {[%emt 0:00:00]} Nf6 {[%emt 0:00:00]} 4. Bb5 {[%emt 0:00:00]} Bb4 {[%emt 0:00:00]} 5. O-O {[%emt 0:00:00]} d6 {[%emt 0:00:30]} 6. d3 {[%emt 0:02:00]} O-O {[%emt 0:00:30]} 7. Bg5 {[%emt 0:00:30]} Bxc3 {[%emt 0:01:30]} 8. bxc3 {[%emt 0:00:30]} h6 {[%emt 0:00:30]} 9. Bh4 {[%emt 0:00:30]} Bg4 {[%emt 0:00:30]} 10. h3 {[%emt 0:01:30]} Bh5 {[%emt 0:00:00]} 11. Re1 {[%emt 0:00:30]} a6 {[%emt 0:02:00]} 12. Bc4 {[%emt 0:00:30]} Re8 {[%emt 0:00:30]} 13. a3 {[%emt 0:14:30]} Qe7 {[%emt 0:03:30]} 14. Qe2 {[%emt 0:12:30]} g5 {[%emt 0:04:30]} 15. Bg3 {[%emt 0:00:30]} Kh8 {[%emt 0:00:30]} 16. Qe3 {[%emt 0:06:30]} Qf8 {[%emt 0:04:30]} 17. Nh2 {[%emt 0:02:30]} Qg7 {[%emt 0:00:30]} 18. f3 {[%emt 0:08:30]} Ne7 {[%emt 0:02:30]} 19. Ng4 {[%emt 0:06:30]} Bxg4 {[%emt 0:00:30]} 20. hxg4 {[%emt 0:00:00]} Ng6 {[%emt 0:00:30]} 21. Kf2 {[%emt 0:02:00]} Nf4 {[%emt 0:04:30]} 22. Rh1 {[%emt 0:02:30]} Kh7 {[%emt 0:01:30]} 23. Rh2 {[%emt 0:04:30]} Rh8 {[%emt 0:00:30]} 24. d4 {[%emt 0:02:30]} Rad8 {[%emt 0:06:30]} 25. Re1 {[%emt 0:07:30]} Kg8 {[%emt 0:00:30]} 26. Rd1 {[%emt 0:01:30]} Kh7 {[%emt 0:01:30]} 27. Bxf4 {[%emt 0:04:30]} gxf4 {[%emt 0:00:30]} 28. Qe2 {[%emt 0:00:30]} Rde8 {[%emt 0:02:30]} 29. Rdh1 {[%emt 0:01:00]} Kg8 {[%emt 0:00:30]} 30. Rh3 {[%emt 0:04:09]} Qg5 {[%emt 0:03:30]} 31. Bb3 {[%emt 0:02:17]} b5 {[%emt 0:18:30]} 32. a4 {[%emt 0:01:37]} exd4 {[%emt 0:10:30]} 33. cxd4 {[%emt 0:00:18]} Kg7 {[%emt 0:03:30]} 34. g3 {[%emt 0:01:54]} fxg3+ {[%emt 0:01:30]} 35. Rxg3 {[%emt 0:00:02]} Qf4 {[%emt 0:00:30]} 36. Kg2 {[%emt 0:01:39]} c6 {[%emt 0:03:30]} 37. axb5 {[%emt 0:00:35]} axb5 {[%emt 0:00:30]} 38. Ra1 {[%emt 0:00:18]} Ra8 {[%emt 0:00:30]} 39. Rxa8 {[%emt 0:01:32]} Rxa8 {[%emt 0:00:30]} 40. e5 {[%emt 0:02:16]} dxe5 {[%emt 0:00:30]} 41. Qxe5 {[%emt 0:01:03]} Qd2+ {[%emt 0:02:30]} 42. Kh3 {[%emt 0:01:19]} Re8 {[%emt 0:00:30]} 43. Qc7 {[%emt 0:01:19]} Nd5 {[%emt 0:03:17]} 44. Bxd5 {[%emt 0:00:02]} cxd5 {[%emt 0:00:00]} 45. c3 {[%emt 0:01:58]} Re2 {[%emt 0:00:24]} 46. Rg1 {[%emt 0:00:52]} Re3 {[%emt 0:02:29]} 47. Qf4 {[%emt 0:01:59]} Qxc3 {[%emt 0:01:11]} 48. Rg3 {[%emt 0:00:13]} Qe1 {[%emt 0:00:39]} 49. Rg2 {[%emt 0:01:02]} Qh1+ {[%emt 0:00:41]} 50. Kg3 {[%emt 0:00:12]} Qe1+ {[%emt 0:00:37]} 51. Kh3 {[%emt 0:00:01]} Qc3 {[%emt 0:00:11]} 52. Rg3 {[%emt 0:00:15]} b4 {[%emt 0:01:00]} 53. g5 {[%emt 0:00:38]} h5 {[%emt 0:03:24]} 54. Qf6+ {[%emt 0:00:14]} Kf8 {[%emt 0:01:30]} 55. g6 {[%emt 0:00:21]} Qc8+ {[%emt 0:00:14]} 56. Kh4 {[%emt 0:00:29]} Qe6 {[%emt 0:01:56]} 57. Qd8+ {[%emt 0:03:34]} Kg7 {[%emt 0:01:34]} 58. gxf7+ {[%emt 0:00:17]} Kxf7 {[%emt 0:00:33]} 59. Qg8+ {[%emt 0:00:30]} Ke7 {[%emt 0:00:00]} 60. Rg7+ {[%emt 0:00:25]} Kd6 {[%emt 0:00:13]} 61. Rg6 {[%emt 0:00:00]} Kd7 {[%emt 0:02:10]} 62. Rxe6 {[%emt 0:00:23]} Rxe6 {[%emt 0:00:00]} 63. Qf7+ {[%emt 0:00:00]} Kd6 {[%emt 0:00:01]} 64. Qb7 {[%emt 0:00:03]} Re3 {[%emt 0:01:07]} 65. Qxb4+ {[%emt 0:00:30]} Ke6 {[%emt 0:00:00]} 66. Qb6+ {[%emt 0:00:01]} Ke7 {[%emt 0:01:20]} 67. Qc7+ {[%emt 0:00:04]} Kf6 {[%emt 0:00:49]} 68. Qf4+ {[%emt 0:00:02]} 1-0

[Event "Turkish Club Cup 2019"]
[Site "Konya"]
[Date "2019.07.18"]
[Round "4"]
[White "Sen, Nehir"]
[Black "Simsek, Meltem"]
[Result "0-1"]
[WhiteElo "1307"]
[BlackElo "1684"]
[Annotator "NA RC"]
[PlyCount "104"]
[EventDate "2019.07.16"]
[EventType "team-tourn"]
[EventCountry "TUR"]
[SourceTitle "playchess.com"]
[Source "ChessBase"]
[SourceQuality "1"]
[TimeControl "5400+30"]

1. Nf3 {[%emt 0:00:30]} Nf6 {[%emt 0:00:30]} 2. e3 {[%emt 0:00:00]} e6 {[%emt 0:00:30]} 3. b3 {[%emt 0:00:00]} b6 {[%emt 0:00:00]} 4. Bb2 {[%emt 0:00:30]} Bb7 {[%emt 0:00:00]} 5. Be2 {[%emt 0:00:30]} Be7 {[%emt 0:00:00]} 6. O-O {[%emt 0:00:30]} O-O {[%emt 0:00:00]} 7. d4 {[%emt 0:00:30]} d6 {[%emt 0:00:00]} 8. c4 {[%emt 0:00:30]} Nbd7 {[%emt 0:00:00]} 9. Nc3 {[%emt 0:00:30]} Ne4 {[%emt 0:02:30]} 10. Nxe4 {[%emt 0:03:30]} Bxe4 {[%emt 0:00:30]} 11. Nd2 {[%emt 0:04:30]} Bb7 {[%emt 0:00:30]} 12. Bf3 {[%emt 0:00:30]} Bxf3 {[%emt 0:00:30]} 13. gxf3 {[%emt 0:02:30]} f5 {[%emt 0:01:30]} 14. Kh1 {[%emt 0:00:30]} Bf6 {[%emt 0:05:30]} 15. Rg1 {[%emt 0:06:30]} c5 {[%emt 0:00:30]} 16. Qc2 {[%emt 0:07:30]} cxd4 {[%emt 0:00:30]} 17. exd4 {[%emt 0:00:30]} Rf7 {[%emt 0:09:30]} 18. Rae1 {[%emt 0:01:30]} Nf8 {[%emt 0:00:00]} 19. Nf1 {[%emt 0:05:30]} Rc8 {[%emt 0:02:00]} 20. Qd2 {[%emt 0:01:30]} d5 {[%emt 0:03:30]} 21. cxd5 {[%emt 0:05:30]} Qxd5 {[%emt 0:00:00]} 22. Rg3 {[%emt 0:01:30]} Rfc7 {[%emt 0:02:00]} 23. Ne3 {[%emt 0:01:30]} Qd7 {[%emt 0:03:30]} 24. f4 {[%emt 0:09:30]} b5 {[%emt 0:11:30]} 25. Reg1 {[%emt 0:03:30]} Ng6 {[%emt 0:05:30]} 26. Nd1 {[%emt 0:14:30]} Qd5+ {[%emt 0:01:30]} 27. f3 {[%emt 0:01:30]} Rc2 {[%emt 0:02:30]} 28. Qe3 {[%emt 0:02:30]} Rxb2 {[%emt 0:00:30]} 29. Nxb2 {[%emt 0:00:30]} Bxd4 {[%emt 0:00:00]} 30. Qe2 {[%emt 0:17:01]} Bxg1 {[%emt 0:00:00]} 31. Rxg1 {[%emt 0:00:01]} Nxf4 {[%emt 0:01:30]} 32. Qe3 {[%emt 0:00:17]} e5 {[%emt 0:03:30]} 33. Rd1 {[%emt 0:02:08]} Qc5 {[%emt 0:06:30]} 34. Qe1 {[%emt 0:04:47]} Qc3 {[%emt 0:02:30]} 35. Qf2 {[%emt 0:02:27]} Qc2 {[%emt 0:08:30]} 36. Rd2 {[%emt 0:02:15]} Qc5 {[%emt 0:04:30]} 37. Qe1 {[%emt 0:00:30]} a5 {[%emt 0:06:54]} 38. Rd1 {[%emt 0:00:30]} g6 {[%emt 0:01:54]} 39. Rd2 {[%emt 0:00:08]} Qc6 {[%emt 0:04:16]} 40. Qe3 {[%emt 0:00:37]} Qf6 {[%emt 0:03:04]} 41. Qe1 {[%emt 0:00:36]} Rd8 {[%emt 0:02:18]} 42. Rxd8+ {[%emt 0:00:55]} Qxd8 {[%emt 0:00:30]} 43. Qxe5 {[%emt 0:00:30]} Qd2 {[%emt 0:00:00]} 44. Qe8+ {[%emt 0:00:00]} Kg7 {[%emt 0:00:09]} 45. Qe7+ {[%emt 0:00:00]} Kh6 {[%emt 0:00:00]} 46. Qh4+ {[%emt 0:01:39]} Nh5 {[%emt 0:00:00]} 47. f4 {[%emt 0:00:00]} Qc1+ {[%emt 0:00:36]} 48. Kg2 {[%emt 0:00:29]} Qxb2+ {[%emt 0:00:00]} 49. Kf3 {[%emt 0:00:19]} Qc3+ {[%emt 0:00:06]} 50. Ke2 {[%emt 0:00:00]} Qc2+ {[%emt 0:00:12]} 51. Ke3 {[%emt 0:00:12]} Qe4+ {[%emt 0:00:30]} 52. Kd2 {[%emt 0:00:30]} Qxf4+ {[%emt 0:00:00]} 0-1

[Event "Turkish Club Cup 2019"]
[Site "Konya"]
[Date "2019.07.18"]
[Round "4"]
[White "Sahbaz, Bartu"]
[Black "Gonullu, Muhammed Sinan"]
[Result "0-1"]
[WhiteElo "1237"]
[BlackElo "1823"]
[Annotator "NA RC"]
[PlyCount "86"]
[EventDate "2019.07.16"]
[EventType "team-tourn"]
[EventCountry "TUR"]
[SourceTitle "playchess.com"]
[Source "ChessBase"]
[SourceQuality "1"]
[TimeControl "5400+30"]

1. d4 {[%emt 0:00:30]} g6 {[%emt 0:00:30]} 2. Nf3 {[%emt 0:00:00]} Bg7 {[%emt 0:00:30]} 3. Bf4 {[%emt 0:00:00]} c5 {[%emt 0:01:30]} 4. e3 {[%emt 0:00:30]} cxd4 {[%emt 0:01:30]} 5. exd4 {[%emt 0:00:30]} Nf6 {[%emt 0:00:00]} 6. Nbd2 {[%emt 0:00:30]} O-O {[%emt 0:00:00]} 7. Bd3 {[%emt 0:00:30]} d5 {[%emt 0:00:30]} 8. O-O {[%emt 0:00:30]} Nc6 {[%emt 0:00:30]} 9. c3 {[%emt 0:00:30]} Nh5 {[%emt 0:00:30]} 10. Be3 {[%emt 0:01:30]} a6 {[%emt 0:00:30]} 11. Re1 {[%emt 0:02:30]} b5 {[%emt 0:00:30]} 12. Nb3 {[%emt 0:07:30]} b4 {[%emt 0:03:30]} 13. Nfd2 {[%emt 0:07:30]} bxc3 {[%emt 0:00:30]} 14. bxc3 {[%emt 0:00:30]} e5 {[%emt 0:11:30]} 15. Rc1 {[%emt 0:09:30]} e4 {[%emt 0:03:30]} 16. Nxe4 {[%emt 0:07:30]} dxe4 {[%emt 0:01:30]} 17. Bxe4 {[%emt 0:00:30]} Bd7 {[%emt 0:07:30]} 18. Nc5 {[%emt 0:05:30]} Re8 {[%emt 0:26:30]} 19. Qf3 {[%emt 0:07:30]} Rxe4 {[%emt 0:08:30]} 20. Qxe4 {[%emt 0:02:30]} Nf6 {[%emt 0:00:30]} 21. Qf3 {[%emt 0:02:30]} h6 {[%emt 0:03:30]} 22. Rb1 {[%emt 0:03:30]} Na5 {[%emt 0:15:12]} 23. Nb7 {[%emt 0:05:30]} Nxb7 {[%emt 0:00:36]} 24. Qxb7 {[%emt 0:00:30]} Be6 {[%emt 0:00:51]} 25. Qb2 {[%emt 0:02:30]} Qd6 {[%emt 0:01:28]} 26. f3 {[%emt 0:02:30]} Nd5 {[%emt 0:01:09]} 27. Bf2 {[%emt 0:00:30]} Rc8 {[%emt 0:01:44]} 28. Rbc1 {[%emt 0:01:30]} Nb6 {[%emt 0:03:09]} 29. Red1 {[%emt 0:04:30]} Bd5 {[%emt 0:00:41]} 30. a3 {[%emt 0:01:30]} Nc4 {[%emt 0:00:48]} 31. Qb4 {[%emt 0:00:30]} Qc6 {[%emt 0:00:42]} 32. Qc5 {[%emt 0:01:30]} Bf8 {[%emt 0:01:21]} 33. Qxc6 {[%emt 0:00:30]} Rxc6 {[%emt 0:00:04]} 34. Bg3 {[%emt 0:00:30]} Bxa3 {[%emt 0:00:42]} 35. Rb1 {[%emt 0:00:30]} Bd6 {[%emt 0:00:36]} 36. Bf2 {[%emt 0:00:30]} Na3 {[%emt 0:00:54]} 37. Rbc1 {[%emt 0:00:30]} a5 {[%emt 0:01:05]} 38. Re1 {[%emt 0:00:30]} Kf8 {[%emt 0:00:46]} 39. Re2 {[%emt 0:00:00]} a4 {[%emt 0:00:12]} 40. Ra1 {[%emt 0:00:00]} Bb3 {[%emt 0:00:40]} 41. Rb2 {[%emt 0:00:30]} Rxc3 {[%emt 0:01:01]} 42. Kf1 {[%emt 0:00:30]} Nc2 {[%emt 0:00:34]} 43. Rab1 {[%emt 0:00:00]} Ba3 {[%emt 0:00:19]} 0-1

[Event "Turkish Club Cup 2019"]
[Site "Konya"]
[Date "2019.07.18"]
[Round "4"]
[White "Yignak, Havva Deniz"]
[Black "Gul, Zeynep"]
[Result "0-1"]
[WhiteElo "1219"]
[BlackElo "1359"]
[Annotator "NA RC"]
[PlyCount "128"]
[EventDate "2019.07.16"]
[EventType "team-tourn"]
[EventCountry "TUR"]
[SourceTitle "playchess.com"]
[Source "ChessBase"]
[SourceQuality "1"]
[TimeControl "5400+30"]

1. d4 {[%emt 0:00:30]} d5 {[%emt 0:00:30]} 2. c4 {[%emt 0:00:00]} dxc4 {[%emt 0:00:30]} 3. e4 {[%emt 0:00:00]} Nf6 {[%emt 0:00:00]} 4. Nc3 {[%emt 0:00:30]} e6 {[%emt 0:00:00]} 5. Bg5 {[%emt 0:02:30]} h6 {[%emt 0:01:30]} 6. Bxf6 {[%emt 0:02:30]} Qxf6 {[%emt 0:00:30]} 7. a3 {[%emt 0:04:30]} Qd8 {[%emt 0:04:30]} 8. Bxc4 {[%emt 0:03:30]} c5 {[%emt 0:01:30]} 9. d5 {[%emt 0:05:30]} exd5 {[%emt 0:03:30]} 10. Bxd5 {[%emt 0:02:30]} Bd6 {[%emt 0:08:30]} 11. Qb3 {[%emt 0:09:30]} Qe7 {[%emt 0:04:30]} 12. Rd1 {[%emt 0:14:30]} O-O {[%emt 0:04:30]} 13. Nge2 {[%emt 0:07:30]} a6 {[%emt 0:15:30]} 14. Na4 {[%emt 0:10:30]} Nd7 {[%emt 0:03:30]} 15. Bxb7 {[%emt 0:01:30]} Rb8 {[%emt 0:00:30]} 16. Qd5 {[%emt 0:01:30]} Rxb7 {[%emt 0:05:30]} 17. Qxd6 {[%emt 0:00:30]} Qxe4 {[%emt 0:00:30]} 18. Nxc5 {[%emt 0:09:30]} Nxc5 {[%emt 0:01:30]} 19. Qxc5 {[%emt 0:00:30]} Rxb2 {[%emt 0:01:30]} 20. Qe3 {[%emt 0:02:30]} Qxe3 {[%emt 0:01:30]} 21. fxe3 {[%emt 0:00:00]} Bg4 {[%emt 0:00:30]} 22. Rd2 {[%emt 0:01:00]} Rb1+ {[%emt 0:00:30]} 23. Rd1 {[%emt 0:00:00]} Rxd1+ {[%emt 0:00:30]} 24. Kxd1 {[%emt 0:00:00]} Rb8 {[%emt 0:00:30]} 25. Re1 {[%emt 0:01:30]} Rb1+ {[%emt 0:00:30]} 26. Kd2 {[%emt 0:00:30]} Rb2+ {[%emt 0:00:30]} 27. Kd3 {[%emt 0:02:29]} Bxe2+ {[%emt 0:02:30]} 28. Rxe2 {[%emt 0:00:01]} Rb3+ {[%emt 0:00:00]} 29. Kc4 {[%emt 0:00:23]} Rxa3 {[%emt 0:00:00]} 30. Kb4 {[%emt 0:00:39]} Ra1 {[%emt 0:00:30]} 31. Kb3 {[%emt 0:04:38]} Kh7 {[%emt 0:02:30]} 32. Kb2 {[%emt 0:00:43]} Ra5 {[%emt 0:00:30]} 33. Rc2 {[%emt 0:03:29]} Rb5+ {[%emt 0:01:30]} 34. Ka3 {[%emt 0:00:24]} Rd5 {[%emt 0:01:30]} 35. Ka4 {[%emt 0:02:55]} Rd6 {[%emt 0:02:30]} 36. Kb4 {[%emt 0:03:35]} Re6 37. Re2 {[%emt 0:00:35]} Re5 {[%emt 0:03:00]} 38. Ka4 {[%emt 0:00:47]} Kg6 {[%emt 0:00:30]} 39. Kb4 {[%emt 0:01:14]} f6 {[%emt 0:02:30]} 40. Kc4 {[%emt 0:00:30]} a5 {[%emt 0:00:30]} 41. Kd4 {[%emt 0:00:42]} a4 {[%emt 0:00:30]} 42. Ra2 {[%emt 0:00:24]} Ra5 {[%emt 0:00:30]} 43. e4 {[%emt 0:01:21]} a3 {[%emt 0:01:30]} 44. h3 {[%emt 0:01:40]} Kf7 {[%emt 0:00:30]} 45. g3 {[%emt 0:01:26]} Ke6 {[%emt 0:00:00]} 46. g4 {[%emt 0:00:14]} Ra4+ {[%emt 0:00:00]} 47. Ke3 {[%emt 0:01:03]} Ke5 {[%emt 0:00:30]} 48. Kd3 {[%emt 0:00:29]} Kf4 {[%emt 0:02:30]} 49. Rf2+ {[%emt 0:01:10]} Kg3 {[%emt 0:00:30]} 50. Ra2 {[%emt 0:00:18]} Kxh3 {[%emt 0:00:00]} 51. Kc3 {[%emt 0:00:36]} Rxe4 {[%emt 0:00:00]} 52. Ra1 {[%emt 0:00:43]} Rxg4 {[%emt 0:00:30]} 53. Rh1+ {[%emt 0:00:30]} Kg3 {[%emt 0:00:30]} 54. Rg1+ {[%emt 0:00:00]} Kf4 {[%emt 0:00:30]} 55. Rf1+ {[%emt 0:00:00]} Kg5 {[%emt 0:00:00]} 56. Rf3 {[%emt 0:00:56]} a2 {[%emt 0:00:00]} 57. Kb2 {[%emt 0:00:22]} Rg2+ {[%emt 0:00:30]} 58. Ka1 {[%emt 0:00:30]} h5 {[%emt 0:00:00]} 59. Ra3 {[%emt 0:00:18]} f5 {[%emt 0:00:00]} 60. Ra5 {[%emt 0:00:31]} Kg4 {[%emt 0:00:30]} 61. Ra4+ {[%emt 0:00:35]} f4 {[%emt 0:00:30]} 62. Ra7 {[%emt 0:00:00]} g5 {[%emt 0:00:00]} 63. Ra4 {[%emt 0:00:28]} h4 {[%emt 0:00:00]} 64. Rc4 {[%emt 0:01:15]} h3 {[%emt 0:00:30]} 0-1